Reflexions per a la definició d'un nou model de Servei Públic d'Ocupació /
ISBN:
84-7794-841-0
Publicado:
[Barcelona] :
Diputació de Barcelona, Xarxa de Municipis, Àrea de Promoció Econòmica i Ocupació ,
2002
Descripción Física:
51 p. ; 30 cm
Colección:
Quaderns de foment de l'ocupació
; 2
Idioma:
Catalán
MARC
| LEADER | 00000nam a2200000Ia 4500 | ||
|---|---|---|---|
| 001 | 13642 | ||
| 003 | Arxiu | ||
| 005 | 20260324175405.0 | ||
| 008 | 160829s2002 spc xx s cat c | ||
| 020 | |a 84-7794-841-0 | ||
| 040 | |a AGDB | ||
| 080 | |a M-4-16 | ||
| 245 | 0 | 0 | |a Reflexions per a la definició d'un nou model de Servei Públic d'Ocupació / |c Comissió Local d'Intermediació |
| 250 | |a Ed. en català | ||
| 260 | |a [Barcelona] : |b Diputació de Barcelona, Xarxa de Municipis, Àrea de Promoció Econòmica i Ocupació, |c cop. 2002 | ||
| 300 | |a 51 p. ; |c 30 cm | ||
| 490 | 1 | |a Quaderns de Foment de l'Ocupació ; |v 2 | |
| 590 | |a Existeix una edició en castellà | ||
| 650 | |a Catalunya. Servei Públic d'Ocupació |9 30746 | ||
| 650 | |a Ocupació |x Catalunya |9 30747 | ||
| 650 | 0 | |a Política d'ocupació |9 7017 | |
| 710 | 1 | |a Barcelona (Catalunya : Província). |b Diputació |9 52408 | |
| 830 | 0 | |9 55981 |a Quaderns de foment de l'ocupació |v 2 | |
| 901 | |a Arxiu | ||
| 942 | |n 1 |2 udc |c ARXIU | ||
| 952 | |0 0 |1 0 |4 0 |6 M416 |7 1 |9 45508 |a Arxiu |b Arxiu |d 2016-12-01 |l 0 |o M-4-16 |p 13642 |r 2016-12-01 00:00:00 |w 2016-12-01 |y ARXIU | ||
| 999 | |c 48673 |d 48673 | ||